ბათუმის შოთა რუსთაველის სახელმწიფო უნივერსიტეტის ბიბლიოთეკა

ლექსები / (ბიბ.ჩანაწერი № 39513)

000 -ლიდერი
ფიქსირებული სიგრძის საკონტროლო ველი 00737nam a2200205Ia 4500
001 - საკონტროლო ნომერი
საკონტროლო ველი 6109
003 - საკონტროლო ნომრის იდენტიფიკატორი
საკონტროლო ველი GE_BSU
005 - ბოლო ოპერაციის თარიღი და დრო
საკონტროლო ველი 20190919122442.0
008 - ფიქსირებული სიგრძის მონაცემთა ელემენტები - ზოგადი ინფორმაცია
ფიქსირებული სიგრძის საკონტროლო ველი 181216s1984||||ge |||||||||||||| ||geo||
040 ## - კატალოგიზაციის წყარო
Transcribing agency GE_BSU
041 ## - ენის კოდი
Language code of text/sound track or separate title geo
080 ## - უნივერსალური ათობითი კლასიფიკაციის ინდექსი
Universal Decimal Classification number 821.353.1-1 ა-87
100 ## - მთავარი ჩანაწერი - პიროვნების სახელი
Personal name ასათიანი, ლადო
9 (RLIN) 4107
245 ## - ცნობა სათაურის შესახებ
Title ლექსები /
Statement of responsibility, etc ლადო ასათიანი ; რედ. რ. ორჯონიკიძე.
264 ## - წარმოების, გამოცემის, დისტრიბუციის და სხვა ცნობები
გამოცემის, წარმოების, დისტრიბუციის... ადგილი თბილისი :
გამოცემის, წარმოების, დისტრიბუციის... სახელწოდება საბჭოთა საქართველო ;
გამოცემის, წარმოების, დისტრიბუციის... თარიღი 1984.
300 ## - ფიზიკური აღწერა
Extent 144 გვ. ;
Dimensions 17 სმ.
653 ## - INDEX TERM--UNCONTROLLED
Uncontrolled term ლექსები
700 ## - ADDED ENTRY--PERSONAL NAME
Personal name ორჯონიკიძე, რ.
Relator term რედაქტორი
9 (RLIN) 4119
942 ## - ADDED ENTRY ELEMENTS (KOHA)
Koha item type წიგნი
Source of classification or shelving scheme
ეგზემპლარები
ჩამოწერის სტატუსი დაკარგული ეგზემპლარის სტატუსი კლასიფიკაციის წყარო ან თაროზე გაწყობის სქემა დაზიანების სტატუსი არ გაიცემა მუდმივი მდებარეობა (დაცვის ადგილი) ამჟამინდელი ადგილსამყოფელი თაროზე განთავსების ადგილი შეძენის თარიღი ღირებულება, შესყიდვის ნორმალური ფასი სრული შენახვის შიფრი შტრიხკოდი ბოლო ოპერაციის თარიღი ეგზემპლარის მიმდევრობითი ნომერი (კეტერი?) ფასის ძალაში შესვლის თარიღი ეგზემპლარის სახეობა საჯარო შენიშვნა
          ბათუმის შოთა რუსთაველის სახელმწიფო უნივერსიტეტის მთავარი ბიბლიოთეკა ბათუმის შოთა რუსთაველის სახელმწიფო უნივერსიტეტის მთავარი ბიბლიოთეკა წიგნსაცავი 2018-12-17 1.10 821.353.1-1 ა-87 13807 2018-12-17 13807 2018-12-17 წიგნი 1.10 ლ.
          ბათუმის შოთა რუსთაველის სახელმწიფო უნივერსიტეტის მთავარი ბიბლიოთეკა ბათუმის შოთა რუსთაველის სახელმწიფო უნივერსიტეტის მთავარი ბიბლიოთეკა წიგნსაცავი 2018-12-17 1.10 821.353.1-1 ა-87 13766 2018-12-17 13766 2018-12-17 წიგნი 1.10 ლ.
          ბათუმის შოთა რუსთაველის სახელმწიფო უნივერსიტეტის მთავარი ბიბლიოთეკა ბათუმის შოთა რუსთაველის სახელმწიფო უნივერსიტეტის მთავარი ბიბლიოთეკა წიგნსაცავი 2018-12-17 1.10 821.353.1-1 ა-87 13767 2018-12-17 13767 2018-12-17 წიგნი 1.10 ლ.